Communicate! / (Record no. 9461)
[ view plain ]
| 000 -LEADER | |
|---|---|
| fixed length control field | 01040cam a2200313 a 4500 |
| 001 - CONTROL NUMBER | |
| control field | 17285452 |
| 003 - CONTROL NUMBER IDENTIFIER | |
| control field | OSt |
| 005 - DATE AND TIME OF LATEST TRANSACTION | |
| control field | 20230321162149.0 |
| 008 - FIXED-LENGTH DATA ELEMENTS--GENERAL INFORMATION | |
| fixed length control field | 120504s2014 mauab b 001 0 eng |
| 010 ## - LIBRARY OF CONGRESS CONTROL NUMBER | |
| LC control number | 2012939050 |
| 020 ## - INTERNATIONAL STANDARD BOOK NUMBER | |
| International Standard Book Number | 9781285067230 |
| 020 ## - INTERNATIONAL STANDARD BOOK NUMBER | |
| International Standard Book Number | 1285067231 |
| 040 ## - CATALOGING SOURCE | |
| Original cataloging agency | DLC |
| Transcribing agency | DLC |
| Modifying agency | DLC |
| 050 00 - LIBRARY OF CONGRESS CALL NUMBER | |
| Classification number | P90.V43 |
| 082 00 - DEWEY DECIMAL CLASSIFICATION NUMBER | |
| Classification number | 302.2 |
| Edition number | 23 |
| 100 1# - MAIN ENTRY--PERSONAL NAME | |
| Personal name | Verderber, Kathleen S., |
| 9 (RLIN) | 1074 |
| 245 10 - TITLE STATEMENT | |
| Title | Communicate! / |
| Statement of responsibility, etc. | Rudolph F. Verderber, Kathleen S. Verderber, Deanna D. Sellnow. |
| 250 ## - EDITION STATEMENT | |
| Edition statement | 14th ed. |
| Remainder of edition statement | (Instructor's edition) |
| 260 ## - PUBLICATION, DISTRIBUTION, ETC. | |
| Place of publication, distribution, etc. | Boston, MA : |
| Name of publisher, distributor, etc. | Wadsworth/Cengage Learning, |
| Date of publication, distribution, etc. | 2014. |
| 300 ## - PHYSICAL DESCRIPTION | |
| Extent | xxii, 505 p. : |
| Other physical details | ill. (some col.), col. map ; |
| Dimensions | 28 cm |
| 504 ## - BIBLIOGRAPHY, ETC. NOTE | |
| Bibliography, etc. note | Includes bibliographical references (pages 473-491) and index. |
| 505 ## - FORMATTED CONTENTS NOTE | |
| Formatted contents note | Contents: |
| 650 #0 - SUBJECT ADDED ENTRY--TOPICAL TERM | |
| Topical term or geographic name entry element | Communication. |
| 9 (RLIN) | 8 |
| 700 1# - ADDED ENTRY--PERSONAL NAME | |
| Personal name | Verderber, Rudolph F. |
| 9 (RLIN) | 1075 |
| 700 1# - ADDED ENTRY--PERSONAL NAME | |
| Personal name | Sellnow, Deanna D. |
| 9 (RLIN) | 1076 |
| 906 ## - LOCAL DATA ELEMENT F, LDF (RLIN) | |
| a | 7 |
| b | cbc |
| c | origcop |
| d | 2 |
| e | epcn |
| f | 20 |
| g | y-gencatlg |
| 942 ## - ADDED ENTRY ELEMENTS (KOHA) | |
| Source of classification or shelving scheme | Library of Congress Classification |
| Koha item type | Books |
| Withdrawn status | Lost status | Source of classification or shelving scheme | Damaged status | Not for loan | Home library | Current library | Shelving location | Date acquired | Total Checkouts | Full call number | Barcode | Date last seen | Price effective from | Koha item type |
|---|---|---|---|---|---|---|---|---|---|---|---|---|---|---|
| Library of Congress Classification | WISCONSIN INTERNATIONAL UNIVERSITY COLLEGE, GHANA KUMASI LIBRARY | WISCONSIN INTERNATIONAL UNIVERSITY COLLEGE, GHANA KUMASI LIBRARY | General Stacks | 10/03/2023 | P90.V43 (14e) | K/2988/0086/23 | 21/03/2023 | 21/03/2023 | Books |
